[Event "HCL-B098"]
[Site "www.playchess.de"]
[Date "2001.02.04"]
[Round "14"]
[White "Gruhni"]
[Black "Slide"]
[WhiteElo "1410"]
[BlackElo "1533"]
[PlyCount "46"]
[Result "0-1"]

1.e4 e5 2.Bc4 c6 3.d4 Nf6 4.dxe5 Qa5+ 5.Bd2 Qxe5 
6.f3 Qxb2 7.Bc3 Bb4 8.Ne2 Bxc3+ 9.Nbxc3 Qb4 10.Bb3 
Qc5 11.Qd4 Qg5 12.Ng3 O-O 13.O-O c5 14.Qd1 Qe3+ 
15.Kh1 Qxc3 16.Qd6 Nc6 17.Nf5 Ne8 18.Ne7+ Nxe7 
19.Qxe7 Nc7 20.Rad1 c4 21.Ba4 b5 22.Qc5 Qa5 23.c3 
Qb6 0-1

[Event "HCL-A038"]
[Site "www.playchess.de"]
[Date "2001.02.05"]
[Round "26"]
[White "teenspirit"]
[Black "Mr_Arnaud"]
[WhiteElo "1816"]
[BlackElo "1700"]
[PlyCount "81"]
[Result "1/2-1/2"]

1.d4 d5 2.Nf3 Nf6 3.c4 c6 4.Nc3 e6 5.e3 Nbd7 6.Qc2 
Bd6 7.g4 Bb4 8.g5 Ne4 9.Rg1 Bxc3+ 10.bxc3 Qa5 
11.Bd2 b6 12.cxd5 cxd5 13.Bd3 Bb7 14.a4 Rc8 15.Bb5 
Bc6 16.Rb1 a6 17.Bxc6 Rxc6 18.Nh4 O-O 19.f3 Nxd2 
20.Kxd2 Rfc8 21.Rbc1 R6xc3 22.Qxc3 Rxc3 23.Rxc3 
Qxa4 24.Rc8+ Nf8 25.Rgc1 e5 26.Nf5 Qb4+ 27.Ke2 
exd4 28.Rxf8+ Qxf8 29.Rc8 Qxc8 30.Ne7+ Kf8 31.Nxc8 
dxe3 32.Nxb6 d4 33.Nc8 a5 34.Nd6 a4 35.Nb5 Ke7 
36.Nxd4 a3 37.Kxe3 a2 38.Nb3 Ke6 39.Ke4 f6 40.h4 
fxg5 {draw}  41.hxg5 1/2-1/2

[Event "HCL-A038"]
[Site "www.playchess.de"]
[Date "2001.02.05"]
[Round "33"]
[White "DKCozy"]
[Black "teenspirit"]
[WhiteElo "1772"]
[BlackElo "1816"]
[PlyCount "53"]
[Result "1/2-1/2"]

1.f4 d5 2.Nf3 Nf6 3.e3 g6 4.b3 Bg7 5.Bb2 O-O 6.Be2 
Bg4 7.O-O Nbd7 8.Qe1 c6 9.d3 Qc7 10.Nbd2 e5 
11.fxe5 Nh5 12.d4 Bh6 13.Qf2 Ng7 14.c4 Nf5 15.Kh1 
Bxe3 16.Qe1 Qb6 17.h3 Bxd2 18.Qxd2 Ng3+ 19.Kh2 
Nxf1+ 20.Rxf1 Be6 21.Qh6 f6 22.c5 Qc7 23.b4 a5 
24.Bd3 Rf7 25.Kh1 Nf8 26.b5 b6 
27.bxc6 1/2-1/2

[Event "HCL-A042"]
[Site "www.playchess.de"]
[Date "2001.02.05"]
[Round "6"]
[White "Savage"]
[Black "dynamitedan"]
[WhiteElo "1600"]
[BlackElo "1934"]
[PlyCount "84"]
[Result "0-1"]

1.e4 c5 2.Nf3 d6 3.d4 cxd4 4.Nxd4 Nf6 5.Nc3 a6 
6.Bg5 Nbd7 7.Bc4 e6 8.Qd2 Qa5 9.O-O-O b5 10.Bb3 
Bb7 11.Rhe1 Be7 12.Kb1 Rc8 13.f4 b4 14.Na4 Bxe4 
15.g4 d5 16.Bxf6 Nxf6 17.g5 Nd7 18.Nxe6 fxe6 
19.Rxe4 Nf8 20.Re2 Qb5 21.Rde1 Rc7 22.Qd4 h6 
23.Qxg7 Rh7 24.Qe5 Qc6 25.h4 hxg5 26.hxg5 Rf7 
27.Bxd5 exd5 28.f5 Kd8 29.g6 Nd7 30.Qh8+ Rf8 31.g7 
Kc8 32.gxf8Q+ Bxf8 33.b3 Kb7 34.Qd4 {Hello again!  
Was beginning to wonder if this site was ever 
going to return.}  Nf6 {I'm glad the sites up and 
going again. At least I'm still alive. How was 
your Xmas and New Years?}  35.Rg1 {Christmas and 
New Years was fine but quiet.  Kids and Grandkids 
a long ways away - boohoo.  Yours?}  Ne4 {Xmas was 
good, kids spoilt as usual. Worked New Years but 
sure made up for it the next day.}  36.Rg6 
{Partied too hardy on New Year's Eve.  Didn't 
plan, just happened!!  Next day - ugh.}  Bd6 {I 
know how you feel after a hard night *laugh*}  
37.f6 Qb5 38.c4 {After my games are done on this 
site, I'm going to just play at itsyourturn.com.}  
c3 {Seems like a good site. When I get a chance 
I'll check it out}  39.Re1 {Think I disengaged my 
brain before making that last move!!!}  c2+ {I 
know how you feel. I made a horrible move against 
Sazex. Oh well put it down to experience.}  40.Kc1 
{Just goes to show that you can never relax in 
these games.}  Bf4+ 41.Kb2 {My play has been so 
bad since the site went down that I find  myself 
laughing at blunders!!!!}  c1Q+ {%}  42.Rxc1 
Qe2+ 0-1

[Event "HCL-A053"]
[Site "www.playchess.de"]
[Date "2001.02.05"]
[Round "1"]
[White "gambitfanatic"]
[Black "sazex"]
[WhiteElo "1422"]
[BlackElo "1768"]
[PlyCount "42"]
[Result "0-1"]

1.d4 d5 2.e4 dxe4 3.Nc3 e5 4.Qh5 exd4 5.Bc4 Qe7 
6.Bg5 Nf6 7.Bxf6 Qxf6 8.Nxe4 Qe7 9.O-O-O Qxe4 
10.Qxf7+ Kd8 11.Nf3 c5 12.Rhe1 Qc6 13.Bd5 Qh6+ 
14.Kb1 Nd7 15.Re8+ Kc7 16.Ne5 Qd6 17.Nxd7 Qxd7 
18.Rxf8 Rxf8 19.Qxf8 Qxd5 20.Qxg7+ Kc6 21.c3 
Be6 0-1

[Event "HCL-A058"]
[Site "www.playchess.de"]
[Date "2001.02.05"]
[Round "6"]
[White "klypp"]
[Black "daphatmon"]
[WhiteElo "2109"]
[BlackElo "1598"]
[PlyCount "77"]
[Result "1-0"]

1.e4 e6 2.d4 d5 3.Nd2 dxe4 4.Nxe4 Be7 5.Bd3 Nf6 
6.Nf3 Nxe4 7.Bxe4 Nd7 8.O-O Nf6 9.Bd3 O-O 10.Bg5 
Nd5 11.Bxe7 Nxe7 12.Re1 a6 13.c3 Rb8 14.Qc2 g6 
15.Qd2 Kg7 16.Re2 b6 17.Ne5 b5 18.Ng4 Ng8 19.Bc2 
Bb7 20.b4 Bd5 21.a4 Qh4 22.Ne3 Nf6 23.Nxd5 Nxd5 
24.Re4 Qe7 25.g3 h5 26.Qd3 Rfh8 27.Rae1 Rb6 
28.R4e5 Qf6 29.axb5 axb5 30.Ra1 h4 31.Bb3 c6 
32.Re4 Rh5 33.g4 Rg5 34.h3 Qe7 35.f4 f5 36.Bxd5 
cxd5 37.Re5 Rxg4+ 38.hxg4 fxg4 
39.Rg5 1-0

[Event "HCL-A059"]
[Site "www.playchess.de"]
[Date "2001.02.05"]
[Round "5"]
[White "Pupser"]
[Black "rtkohn"]
[WhiteElo "1700"]
[BlackElo "1700"]
[PlyCount "57"]
[Result "1-0"]

1.e4 c5 2.Nf3 Nc6 3.d4 cxd4 4.Nxd4 Nf6 5.Nc3 d6 
6.Be2 e5 7.Nf3 h6 8.O-O Be7 9.Re1 O-O 10.h3 Be6 
11.Bf1 Nb8 12.a4 Nbd7 13.a5 a6 14.Nd5 Nxd5 15.exd5 
Bf5 16.c4 Rc8 17.b4 Re8 18.Qb3 e4 19.Nd4 Bg6 
20.Be3 Bf6 21.Reb1 Qc7 22.Ra2 Ne5 23.b5 Nxc4 
24.Rc2 Bxd4 25.Bxd4 Qe7 26.Rxc4 Rxc4 27.Bxc4 e3 
28.Re1 exf2+ {Hello Pupser are you online?}  
29.Bxf2 {yes}  1-0

[Event "HCL-A061"]
[Site "www.playchess.de"]
[Date "2001.02.05"]
[Round "16"]
[White "klypp"]
[Black "peze"]
[WhiteElo "2112"]
[BlackElo "1907"]
[PlyCount "91"]
[Result "1/2-1/2"]

1.e4 e5 2.Nf3 Nf6 3.Nc3 Nc6 4.d4 exd4 5.Nxd4 Bb4 
6.Nxc6 bxc6 7.Bd3 d5 8.O-O O-O 9.exd5 cxd5 10.Nb5 
Bg4 11.f3 Bd7 12.Bg5 Rb8 13.Nc3 Be6 14.a3 Bxc3 
15.bxc3 c5 16.Qd2 c4 17.Be2 Re8 18.Rfb1 Rxb1+ 
19.Rxb1 Qe7 20.Qd4 Qxa3 21.Bxf6 gxf6 22.Qxf6 Qe7 
23.Qxe7 Rxe7 24.Kf2 Rd7 25.Rb5 a6 26.Ra5 Rb7 
27.Ke3 Rb2 28.Kd2 Rb6 29.f4 Kf8 30.Bf3 Ke7 31.g4 
Bd7 32.g5 Bb5 33.Ke3 Ke6 34.Bg4+ Kd6 35.Kd4 Rb8 
36.Bf3 f6 37.Bxd5 fxg5 38.fxg5 Rf8 39.Bb7 Rf4+ 
40.Ke3 Rh4 41.Bxa6 Rh3+ 42.Kf4 Bc6 43.Bc8 Rxh2 
44.Bf5 Rh4+ 45.Ke3 Bb7 46.g6 1/2-1/2

[Event "HCL-A061"]
[Site "www.playchess.de"]
[Date "2001.02.05"]
[Round "22"]
[White "peze"]
[Black "StuartThomson"]
[WhiteElo "1907"]
[BlackElo "1700"]
[PlyCount "43"]
[Result "1-0"]

1.e4 e6 2.d4 d5 3.Nd2 c5 4.exd5 exd5 5.Ngf3 Nf6 
6.Bb5+ Bd7 7.Bxd7+ Nbxd7 8.O-O Be7 9.dxc5 Nxc5 
10.Nb3 O-O 11.Nxc5 Bxc5 12.Bg5 Be7 13.Re1 Rc8 
14.c3 Qd6 15.Re5 Rfd8 16.Qb3 h6 17.Rae1 Rc7 18.Nd4 
a6 19.Nf5 Qc5 20.Be3 Qc4 21.Nxe7+ Kf8 
22.Qa3 1-0

[Event "HCL-A061"]
[Site "www.playchess.de"]
[Date "2001.02.05"]
[Round "28"]
[White "klypp"]
[Black "StuartThomson"]
[WhiteElo "2112"]
[BlackElo "1700"]
[PlyCount "37"]
[Result "1-0"]

1.e4 e6 2.d4 d5 3.Nd2 c5 4.exd5 cxd4 5.Bb5+ Bd7 
6.dxe6 Qe7 7.Bxd7+ Nxd7 8.Ne2 Qxe6 9.O-O O-O-O 
10.Nb3 Nc5 11.Nexd4 Qd5 12.Be3 Nf6 13.Nb5 Be7 
14.Nxc5 Bxc5 15.Qxd5 Rxd5 16.c4 Rf5 17.Bxc5 Rxc5 
18.b4 Re5 19.Nd6+ 1-0

[Event "HCL-B002"]
[Site "www.playchess.de"]
[Date "2001.02.05"]
[Round "16"]
[White "FireRook"]
[Black "SSC"]
[WhiteElo "1200"]
[BlackElo "1500"]
[PlyCount "119"]
[Result "1-0"]

1.e4 e5 2.Nf3 Nc6 3.Bb5 a6 4.Bxc6 dxc6 5.d4 exd4 
6.Qxd4 Qxd4 7.Nxd4 Nf6 8.Nc3 Bb4 9.f3 O-O 10.Bd2 
Rd8 11.Nb3 Be6 12.O-O-O Nd7 13.Ne2 a5 14.Ned4 Bxb3 
15.Nxb3 Nc5 16.Nxc5 Bxc5 17.Bf4 Bd6 18.Bxd6 cxd6 
19.Rd3 Kf8 20.Rhd1 Ke7 21.a4 Rd7 22.c4 g5 23.Kd2 
Ke6 24.Ke3 Re8 25.h4 gxh4 26.Rh1 Rg8 27.Rd2 f6 
28.Rxh4 Rg3 29.Rh1 Rdg7 30.Rhd1 R3xg2 31.R2xd6+ 
Kf7 32.R6d7+ Kf8 33.R7d8+ Kf7 34.R1d7+ Ke6 
35.R7d6+ Kf7 36.R8d7+ Kg6 37.Rxg7+ Kxg7 38.Rd7+ 
Kg6 39.Rxb7 h5 40.Rb8 Rc2 41.Rg8+ Kf7 42.Ra8 Rxb2 
43.Rxa5 h4 44.Rh5 Ra2 45.Rxh4 Rxa4 46.Kd4 Ra5 
47.f4 Ke6 48.f5+ Kd6 49.c5+ Kd7 50.Rh7+ Ke8 51.Rc7 
Ra6 52.Ke3 Ra3+ 53.Kf4 Ra6 54.Kg4 Ra4 55.Kh5 Rxe4 
56.Kg6 Re5 57.Rxc6 Kd7 58.Rd6+ Kc7 59.Kxf6 Rxc5 
60.Rd4 1-0

[Event "HCL-B050"]
[Site "www.playchess.de"]
[Date "2001.02.05"]
[Round "5"]
[White "anthony"]
[Black "nadavies_uk"]
[WhiteElo "1200"]
[BlackElo "1454"]
[PlyCount "70"]
[Result "0-1"]

1.d4 d6 2.Bf4 Nc6 3.e3 e5 4.dxe5 dxe5 5.Qxd8+ Kxd8 
6.Bg5+ f6 7.Bh4 Bf5 8.Bd3 e4 9.Bc4 g5 10.g4 Bxg4 
11.h3 Nb4 12.Bb3 Be6 13.Kd2 Bxb3 14.axb3 gxh4 
15.f3 f5 16.fxe4 fxe4 17.Ra4 b5 18.Ra5 Nf6 19.Rxb5 
a6 20.Rh5 Nxh5 21.Ne2 Bg7 22.c3 Nd3 23.Rg1 Nf2 
24.Nf4 Nxf4 25.Rxg7 N4xh3 26.Na3 Kc8 27.Nc4 Kb7 
28.Ke1 Nd3+ 29.Ke2 Rag8 30.Rxg8 Rxg8 31.Nd2 Nxb2 
32.Nxe4 Kb6 33.c4 Ng5 34.c5+ Kc6 35.Nxg5 
Rxg5 0-1

[Event "HCL-B053"]
[Site "www.playchess.de"]
[Date "2001.02.05"]
[Round "12"]
[White "lastrada"]
[Black "ric70"]
[WhiteElo "1200"]
[BlackElo "1200"]
[PlyCount "60"]
[Result "0-1"]

1.c4 e5 2.Nc3 Nc6 3.Nf3 Nf6 4.g3 d5 5.cxd5 Nxd5 
6.Bg2 Nxc3 7.bxc3 e4 8.Ng1 g6 9.Bxe4 Bg7 10.Ba3 
Ne5 11.Nf3 c6 12.Nxe5 Bxe5 13.Qa4 f5 14.Bg2 Be6 
15.Rb1 Bd5 16.Rxb7 Bxg2 17.f3 Rc8 18.Qc4 Qf6 
19.Rg1 Rc7 20.Rb8+ Kd7 21.Qd3+ Ke6 22.Rxh8 Qxh8 
23.Rxg2 Rb7 24.f4 Bg7 25.e4 fxe4 26.Qxe4+ Kd7 
27.Qe7+ Kc8 28.Qe6+ Kc7 29.Qd6+ Kb6 30.Bc5+ 
Kb5 0-1

[Event "HCL-B073"]
[Site "www.playchess.de"]
[Date "2001.02.05"]
[Round "31"]
[White "grez"]
[Black "Steamhammer"]
[WhiteElo "1200"]
[BlackElo "1200"]
[PlyCount "46"]
[Result "0-1"]

1.f4 d5 2.d4 e6 3.Nf3 Bd6 4.e3 Nf6 5.b3 O-O 6.Nbd2 
c5 7.c3 cxd4 8.cxd4 a6 9.Bd3 Nc6 10.O-O b5 11.Ne5 
Nb4 12.Bb1 Bb7 13.f5 Bxe5 14.dxe5 Ne4 15.f6 gxf6 
16.Nxe4 dxe4 17.Qg4+ Kh8 18.Rxf6 Rg8 19.Qh5 Rg6 
20.Rxf7 Qg8 21.Rf2 Rf8 22.Bd2 Rxf2 23.Kxf2 
Rxg2+ 0-1

[Event "HCL-B073"]
[Site "www.playchess.de"]
[Date "2001.02.05"]
[Round "32"]
[White "Rengar"]
[Black "grez"]
[WhiteElo "1016"]
[BlackElo "1200"]
[PlyCount "47"]
[Result "1-0"]

1.d4 Nf6 2.c4 c5 3.d5 b5 4.cxb5 a6 5.e3 e6 6.dxe6 
fxe6 7.Nc3 d5 8.b3 d4 9.exd4 cxd4 10.Nce2 Bc5 
11.Nf3 Qa5+ 12.Bd2 Qxb5 13.Nexd4 Bxd4 14.Bxb5+ 
axb5 15.Nxd4 Bd7 16.O-O O-O 17.Re1 Re8 18.Bg5 Rf8 
19.Nxe6 Bxe6 20.Rxe6 Nbd7 21.Bxf6 Nxf6 22.Qe2 Rf7 
23.Qxb5 Raf8 24.Rae1 1-0

[Event "HCL-B083"]
[Site "www.playchess.de"]
[Date "2001.02.05"]
[Round "1"]
[White "burrango"]
[Black "Chessamateur"]
[WhiteElo "1554"]
[BlackElo "1412"]
[PlyCount "78"]
[Result "0-1"]

1.d4 Nf6 2.c4 g6 3.Nf3 Bg7 4.Nc3 O-O 5.Bf4 d6 6.e3 
c5 7.d5 Bg4 8.Be2 Nbd7 9.O-O Re8 10.a3 e5 11.Bg3 
h5 12.h3 Bxf3 13.Bxf3 e4 14.Be2 Ne5 15.Nb5 Bf8 
16.b4 a6 17.Nc3 Qc7 18.b5 a5 19.Qc2 Ned7 20.f3 
exf3 21.Bxf3 Rxe3 22.Rfe1 Bh6 23.Rxe3 Bxe3+ 24.Kh2 
Ne5 25.Be2 Bd4 26.Ne4 Nxe4 27.Qxe4 Bxa1 28.Bf2 Re8 
29.Qb1 Nd7 30.Bd3 Be5+ 31.Bg3 Bxg3+ 32.Kxg3 Ne5 
33.b6 Qe7 34.Bf1 Qg5+ 35.Kh2 Ng4+ 36.Kh1 Qh4 
37.Qb5 Re1 38.Kg1 Rxf1+ 39.Kxf1 
Qf2+ 0-1

[Event "HCL-B106"]
[Site "www.playchess.de"]
[Date "2001.02.05"]
[Round "16"]
[White "Matu"]
[Black "nadavies_uk"]
[WhiteElo "1257"]
[BlackElo "1401"]
[PlyCount "51"]
[Result "1-0"]

1.e4 c5 2.Nf3 d6 3.d4 cxd4 4.Nxd4 Nc6 5.Nc3 e5 
6.Nb3 Nf6 7.Be2 Be6 8.Be3 Bxb3 9.axb3 Be7 10.f3 
O-O 11.O-O Qc7 12.Nd5 Nxd5 13.exd5 Nb4 14.c3 Na6 
15.Bxa6 bxa6 16.Rxa6 f5 17.Qa1 Qb7 18.Rxa7 Rxa7 
19.Qxa7 {Hello again! Sorry, but I missed your 
message yesterday!}  Rb8 {Never mind. The server 
update is causing loads of hassles.}  20.b4 {I 
hope it will be better some day}  Bd8 {I hope my 
foot turns into a turkey}  21.Qxb7 Rxb7 {I hope 
that it will be Queen one day.}  22.Ra1 Bb6 
23.Bxb6 Rxb6 24.Kf2 Kf7 25.Ra5 f4 
26.b5 1-0

[Event "HCL-B112"]
[Site "www.playchess.de"]
[Date "2001.02.05"]
[Round "2"]
[White "paule"]
[Black "ValhallaWarrior"]
[WhiteElo "1807"]
[BlackElo "1500"]
[PlyCount "25"]
[Result "1-0"]

1.e4 d6 2.d4 e5 3.dxe5 dxe5 4.Qxd8+ Kxd8 5.Nc3 Nc6 
6.Be3 Nf6 7.O-O-O+ Ke8 8.Nb5 Nxe4 9.Nxc7+ Ke7 
10.Nxa8 Nxf2 11.Bxf2 Bg4 12.Be2 Bxe2 
13.Nxe2 1-0

[Event "HCL-B112"]
[Site "www.playchess.de"]
[Date "2001.02.05"]
[Round "4"]
[White "ValhallaWarrior"]
[Black "ARM"]
[WhiteElo "1500"]
[BlackElo "1032"]
[PlyCount "24"]
[Result "0-1"]

1.d4 Nf6 2.c4 c5 3.Nf3 e6 4.Nc3 b6 5.Bg5 Be7 6.e3 
Bb7 7.Bd3 O-O 8.O-O Re8 9.Bf4 d5 10.cxd5 exd5 
11.Ng5 Bd6 12.Qf3 h6 0-1

[Event "HCL-B112"]
[Site "www.playchess.de"]
[Date "2001.02.05"]
[Round "7"]
[White "sevenJ"]
[Black "ValhallaWarrior"]
[WhiteElo "1500"]
[BlackElo "1500"]
[PlyCount "23"]
[Result "1-0"]

1.e4 e6 2.d3 d5 3.Nd2 Bb4 4.c3 Ba5 5.g3 dxe4 
6.dxe4 Nc6 7.Bg2 Nf6 8.Ngf3 O-O 9.O-O e5 10.Qc2 
Bg4 11.h3 Bh5 12.b4 1-0

[Event "HCL-B112"]
[Site "www.playchess.de"]
[Date "2001.02.05"]
[Round "10"]
[White "ARM"]
[Black "sevenJ"]
[WhiteElo "1032"]
[BlackElo "1500"]
[PlyCount "35"]
[Result "1/2-1/2"]

1.d4 Nf6 2.c4 d6 3.Nc3 e5 4.dxe5 dxe5 5.Qxd8+ Kxd8 
6.Bg5 c6 7.O-O-O+ Kc7 8.e4 Be6 9.Nf3 Ng4 10.Bh4 
Bc5 11.Rd2 f6 12.h3 Nh6 13.a3 a5 14.Be2 Nd7 
15.Rhd1 Rhd8 16.Bg3 Nf7 17.Ne1 g5 
18.Nc2 1/2-1/2

[Event "HCL-B118"]
[Site "www.playchess.de"]
[Date "2001.02.05"]
[Round "25"]
[White "class58"]
[Black "paule"]
[WhiteElo "1200"]
[BlackElo "1815"]
[PlyCount "105"]
[Result "0-1"]

1.d4 c5 2.Be3 e6 3.Nf3 Qb6 4.b3 d5 5.c3 Nf6 6.dxc5 
Bxc5 7.Bxc5 Qxc5 8.e3 Nc6 9.b4 Qe7 10.Bb5 Bd7 
11.O-O O-O 12.Bd3 e5 13.b5 Nd8 14.Be2 Rc8 15.Qb3 
Bg4 16.Re1 Ne6 17.Nxe5 Bxe2 18.Rxe2 Nc5 19.Ng6 
fxg6 20.Qd1 Qe5 21.f3 Rfe8 22.Re1 Re6 23.Qd2 Na4 
24.Qd4 Qxd4 25.cxd4 Rce8 26.Nd2 R6xe3 27.Rxe3 Rxe3 
28.Nb3 Nc3 29.a4 Rd3 30.Kf1 Kf7 31.Nc5 Rxd4 
32.Nxb7 Rxa4 33.Nd6+ Ke6 34.Rxa4 Nxa4 35.Nc8 a5 
36.bxa6 e.p 37.Ne8 Ke2 38.Nc7 Na7 39.Nxa6 Nb5 
40.Ke5 Na3 41.d4 g3 42.N6c5 Kd2 43.Kd5 h4 44.Nb2 
Kc2 45.Nc4 Nb5 46.Ne3+ Kb2 47.Ne6 g4 48.Nc4+ Kc2 
49.Kc5 Na7 50.Nd6 Kd3 51.Nf4+ Kc2 52.d3+ Kc3 
53.Nc4 0-1

[Event "HCL-B121"]
[Site "www.playchess.de"]
[Date "2001.02.05"]
[Round "15"]
[White "Riza"]
[Black "Simka"]
[WhiteElo "1307"]
[BlackElo "1200"]
[PlyCount "56"]
[Result "0-1"]

1.e4 c5 2.d4 cxd4 3.c3 dxc3 4.Nxc3 Nc6 5.Bc4 e5 
6.Nf3 Bb4 7.O-O Nf6 8.Nd5 O-O 9.Nxb4 Nxb4 10.Qb3 
Nc6 11.Ng5 Qe7 12.Bd2 h6 13.Nxf7 Rxf7 14.Bxf7+ 
Qxf7 15.Qxf7+ Kxf7 16.f4 Nxe4 17.fxe5+ Ke6 18.Rad1 
Nxe5 19.Bb4 b6 20.Rfe1 Bb7 21.Rd4 d5 22.h3 Nc6 
23.Rexe4+ dxe4 24.Rd6+ Ke5 25.Rd7 Nxb4 26.Rxb7 g6 
27.a3 Nd3 28.Rh7 e3 0-1

[Event "HCL-B124"]
[Site "www.playchess.de"]
[Date "2001.02.05"]
[Round "8"]
[White "chrisg"]
[Black "El_Sucio"]
[WhiteElo "1471"]
[BlackElo "1500"]
[PlyCount "29"]
[Result "1-0"]

1.d4 c6 2.c4 d5 3.Nc3 dxc4 4.e4 e5 5.Nf3 exd4 
6.Qxd4 Qxd4 7.Nxd4 b5 8.Be2 Bb7 9.Bf4 Na6 10.Nf5 
Rd8 11.Bg5 f6 12.Be3 g6 13.Nd4 Kf7 14.a4 Bc5 
15.axb5 1-0

[Event "HCL-B131"]
[Site "www.playchess.de"]
[Date "2001.02.05"]
[Round "7"]
[White "PieceSeeker"]
[Black "victor"]
[WhiteElo "1396"]
[BlackElo "1200"]
[PlyCount "38"]
[Result "0-1"]

1.e4 e6 2.d4 d5 3.exd5 exd5 4.Nf3 Bd6 5.Nc3 Ne7 
6.Bd3 Bg4 7.O-O Nbc6 8.Nb5 a6 9.Nxd6+ Qxd6 10.c3 
h5 11.Re1 O-O-O 12.h3 Ng6 13.hxg4 hxg4 14.Ne5 
Ncxe5 15.dxe5 Nxe5 16.Rxe5 Qxe5 17.Qxg4+ Kb8 18.g3 
Qe1+ 19.Bf1 Rh1+ 0-1

[Event "HCL-B132"]
[Site "www.playchess.de"]
[Date "2001.02.05"]
[Round "21"]
[White "JeanPierre"]
[Black "Nulnulnix"]
[WhiteElo "1619"]
[BlackElo "920"]
[PlyCount "41"]
[Result "1-0"]

1.Nf3 d5 2.g3 Nc6 3.Bg2 Bf5 4.d3 e5 5.O-O e4 6.Nh4 
Nh6 7.Bxh6 g6 8.Bxf8 Rxf8 9.Nxf5 gxf5 10.c4 dxc4 
11.dxe4 Qxd1 12.Rxd1 Nb4 13.Nc3 fxe4 14.Nxe4 f5 
15.Nc5 Rb8 16.Nd7 Rd8 17.Nxf8 Rxd1+ 18.Rxd1 Kxf8 
19.a3 Nc6 20.Bxc6 bxc6 21.Rd7 1-0

[Event "HCL-B137"]
[Site "www.playchess.de"]
[Date "2001.02.05"]
[Round "5"]
[White "peze"]
[Black "Blitzmich"]
[WhiteElo "1904"]
[BlackElo "1200"]
[PlyCount "105"]
[Result "1/2-1/2"]

1.c4 e5 2.Nc3 Bb4 3.Nd5 Ba5 4.b4 c6 5.bxa5 cxd5 
6.cxd5 Qxa5 7.Qc2 Na6 8.e4 d6 9.Bb2 Nc5 10.Bc3 Qa4 
11.Qxa4+ Nxa4 12.Bb5+ Bd7 13.Bxa4 Bxa4 14.d4 Rc8 
15.Ne2 Bb5 16.Rc1 f6 17.Kd2 Ne7 18.Ba1 Kf7 19.dxe5 
fxe5 20.f4 Bxe2 21.fxe5 Bc4 22.exd6 Ng6 23.a4 Ke8 
24.Rc2 Rf8 25.Rhc1 Rf2+ 26.Ke3 Rxc2 27.Rxc2 Kd7 
28.Bxg7 a5 29.g3 Bb3 30.Rb2 Bxa4 31.Rxb7+ Kxd6 
32.Kd4 Rc7 33.Rb6+ Kd7 34.Ra6 Rb7 35.Rxa5 Rb4+ 
36.Kc5 Rxe4 37.Bd4 Bd1 38.Ra7+ Ke8 39.Rxh7 Nf8 
{Hab nur eine Meldung von einem anderen Spiel 
erhalten, hätte das fast vergessen!}  40.Rb7 Nd7+ 
41.Kd6 Rxd4 42.Rxd7 Bf3 43.Re7+ Kf8 44.Re5 Bg4 
45.Rg5 Re4 46.h4 Kf7 47.Re5 Ra4 48.Re3 Kf6 49.Kc5 
Ra5+ 50.Kc6 Ra6+ {Sieht verdächtig nach Remis 
aus!}  51.Kb5 {...ich will's nicht glauben !?}  
Ra1 52.Kb4 Rc1 53.Rc3 {Hallo Ralf! Danke für das 
spannende Spiel. Bis später. Gruß Peter} 
 1/2-1/2

[Event "HCL-C047"]
[Site "www.playchess.de"]
[Date "2001.02.05"]
[Round "31"]
[White "JeanPierre"]
[Black "GaryG"]
[WhiteElo "1596"]
[BlackElo "1000"]
[PlyCount "63"]
[Result "1-0"]

1.c4 e6 2.Nc3 d5 3.d4 Nf6 4.Bg5 Be7 5.e3 h6 6.Bh4 
O-O 7.Nf3 b6 8.cxd5 Nxd5 9.Bxe7 Qxe7 10.Rc1 Nf6 
11.Bd3 c5 12.dxc5 bxc5 13.O-O Rd8 14.Qe2 e5 15.Ne4 
Bb7 16.Qc2 Rxd3 17.Nxf6+ gxf6 18.Qxd3 e4 19.Qc4 
exf3 20.Qg4+ Kh8 21.g3 Nd7 22.Qf4 Rd8 23.Qc7 Ba6 
24.Rfd1 Be2 25.Rd2 Kh7 26.h3 c4 27.Qxa7 Qe6 28.Kh2 
Bd3 29.Qd4 Qe7 30.b4 Ne5 31.Qc3 Rc8 
32.b5 1-0

[Event "HCL-C051"]
[Site "www.playchess.de"]
[Date "2001.02.05"]
[Round "31"]
[White "tiberiuskirk"]
[Black "CEAuke"]
[WhiteElo "889"]
[BlackElo "944"]
[PlyCount "57"]
[Result "1-0"]

1.e4 Nf6 2.e5 Ng4 3.Qxg4 d6 4.Qe4 Qd7 5.exd6 cxd6 
6.Nf3 Nc6 7.d4 Nb4 8.Bd3 Qg4 9.Qxg4 Bxg4 10.Nbd2 
g6 11.h3 Bf5 12.Bxf5 gxf5 13.Kd1 Rc8 14.c3 Nd3 
15.Ke2 Nf4+ 16.Kf1 Rg8 17.g3 Nd3 18.Ke2 Nxc1+ 
19.Raxc1 Bh6 20.Rc2 b5 21.Nh4 e6 22.d5 f4 23.dxe6 
fxg3 24.exf7+ Kxf7 25.Nf5 Rce8+ 26.Kf3 Kg6 27.Nxd6 
Red8 28.N2e4 Rgf8+ 29.Kg2 1-0

[Event "HCL-C057"]
[Site "www.playchess.de"]
[Date "2001.02.05"]
[Round "6"]
[White "Cosmo"]
[Black "CEAuke"]
[WhiteElo "1000"]
[BlackElo "924"]
[PlyCount "63"]
[Result "1-0"]

1.d4 d5 2.c4 dxc4 3.Nc3 Nf6 4.e3 Be6 5.Nf3 a6 
6.Be2 b5 7.Ng5 h6 8.Nxe6 fxe6 9.Bf3 Ra7 10.O-O Qd6 
11.Bh5+ Kd7 12.Bg6 Nc6 13.Ne2 Ng4 14.Nf4 Nf6 
15.Re1 e5 16.Bf5+ Kd8 17.d5 Nb4 18.Ne6+ Ke8 19.e4 
Nd3 20.Re2 c6 21.Be3 Ra8 22.Bb6 cxd5 23.Nc7+ Kf7 
24.Nxa8 dxe4 25.Bxe4 g5 26.Bxd3 cxd3 27.Re3 e4 
28.f3 Bg7 29.fxe4 Rxa8 30.Qb3+ Kf8 31.Ba5 Ng4 
32.Rf3+ 1-0

[Event "HCL-C077"]
[Site "www.playchess.de"]
[Date "2001.02.05"]
[Round "16"]
[White "pablo"]
[Black "ictus"]
[WhiteElo "1104"]
[BlackElo "1000"]
[PlyCount "38"]
[Result "0-1"]

1.d4 e6 2.c4 d5 3.Nf3 c5 4.e3 Qb6 5.Nc3 Nf6 6.cxd5 
exd5 7.dxc5 Qxc5 8.Be2 Be7 9.O-O O-O 10.Bd2 Nc6 
11.a3 Bg4 12.b4 Qb6 13.h3 Bh5 14.g4 Bg6 15.g5 Ne4 
16.Nxd5 Qd8 17.Nxe7+ Qxe7 18.h4 Rad8 19.Qc1 
Ne5 0-1

[Event "HCL-C090"]
[Site "www.playchess.de"]
[Date "2001.02.05"]
[Round "33"]
[White "Cooldude"]
[Black "Guano_Ape"]
[WhiteElo "952"]
[BlackElo "800"]
[PlyCount "25"]
[Result "1-0"]

1.e4 d6 2.d4 Nf6 3.Nc3 Nbd7 4.Bf4 e5 5.dxe5 dxe5 
6.Bg3 Bc5 7.Nf3 Qe7 8.Bxe5 Nxe5 9.Nd5 Nxf3+ 
10.Qxf3 Nxd5 11.O-O-O Nf6 12.Re1 Be6 
13.e5 1-0

[Event "HCL-C092"]
[Site "www.playchess.de"]
[Date "2001.02.05"]
[Round "2"]
[White "Jernau"]
[Black "pablo"]
[WhiteElo "1000"]
[BlackElo "1117"]
[PlyCount "29"]
[Result "1-0"]

1.e4 g6 2.d4 Bg7 3.Nf3 d6 4.e5 dxe5 5.Nc3 exd4 
6.Nxd4 Qxd4 7.Qf3 Nf6 8.Bb5+ c6 9.Be3 Qb4 10.Ba4 
Qxb2 11.Kd2 Qb4 12.Kd3 O-O 13.Rab1 Bf5+ 14.Ke2 
Qxc3 15.Rb3 1-0

[Event "HCL-C092"]
[Site "www.playchess.de"]
[Date "2001.02.05"]
[Round "4"]
[White "pablo"]
[Black "cmacsweeny"]
[WhiteElo "1117"]
[BlackElo "1000"]
[PlyCount "30"]
[Result "0-1"]

1.d4 Nf6 2.c4 g6 3.Nc3 d5 4.Nf3 Bg7 5.e3 Be6 
6.cxd5 Bxd5 7.Be2 Ne4 8.O-O Nc6 9.Nxe4 Bxe4 10.Ng5 
Bf5 11.Qb3 e6 12.Qxb7 O-O 13.Qxc6 Qxg5 14.e4 Bxe4 
15.Qxe4 Qe7 0-1

[Event "HCL-C092"]
[Site "www.playchess.de"]
[Date "2001.02.05"]
[Round "11"]
[White "pablo"]
[Black "Mal"]
[WhiteElo "1117"]
[BlackElo "901"]
[PlyCount "34"]
[Result "0-1"]

1.Nf3 Nc6 2.g3 a5 3.Bg2 b6 4.O-O Ba6 5.d4 e6 6.Re1 
Nf6 7.e4 Ng4 8.d5 Bc5 9.Be3 Nce5 10.Bxc5 bxc5 
11.Nc3 c4 12.Nxe5 Nxe5 13.f4 Ng6 14.Qd4 exd5 
15.Qxg7 Ke7 16.exd5+ Kd6 17.Ne4+ 
Ke7 0-1

[Event "HCL-C092"]
[Site "www.playchess.de"]
[Date "2001.02.05"]
[Round "16"]
[White "kosugi"]
[Black "pablo"]
[WhiteElo "1000"]
[BlackElo "1117"]
[PlyCount "23"]
[Result "1-0"]

1.e4 c5 2.d4 cxd4 3.c3 dxc3 4.Nxc3 e6 5.Bc4 a6 
6.a4 Nc6 7.Nf3 Nge7 8.O-O g6 9.Re1 Bg7 10.e5 O-O 
11.Bf4 b6 12.Qd2 1-0

[Event "HCL-C092"]
[Site "www.playchess.de"]
[Date "2001.02.05"]
[Round "19"]
[White "cmacsweeny"]
[Black "kosugi"]
[WhiteElo "1000"]
[BlackElo "1000"]
[PlyCount "31"]
[Result "1-0"]

1.e4 e5 2.Nf3 Nc6 3.Bb5 a6 4.Bxc6 dxc6 5.O-O Bg4 
6.d3 Bc5 7.c3 Nf6 8.Qe2 Qd6 9.Be3 Bxe3 10.Qxe3 Rd8 
11.Rd1 O-O 12.h3 Bh5 13.g4 Bg6 14.Nh4 Bxe4 15.d4 
Qe7 16.f3 1-0

[Event "HCL-C092"]
[Site "www.playchess.de"]
[Date "2001.02.05"]
[Round "20"]
[White "kosugi"]
[Black "TuffGong"]
[WhiteElo "1000"]
[BlackElo "1000"]
[PlyCount "32"]
[Result "0-1"]

1.e4 e5 2.Nf3 Nc6 3.Bc4 g6 4.c3 b6 5.d4 Na5 6.Nxe5 
Bb7 7.Bxf7+ Ke7 8.Bg5+ Kd6 9.Bxd8 Rxd8 10.Bxg8 
Rxg8 11.Nf7+ Ke7 12.Nxd8 Kxd8 13.Qf3 Nc4 14.Qf7 c6 
15.Qxg8 Ke8 16.Qxc4 c5 0-1